Primetime Emmy Winners for Lead Acting in a Comedy Series - Statistics

General Stats
  • This quiz has been taken 49 times
    25 since last reset
  • The average score is 65 of 92
Answer Stats
Year Show Leading Actor % Correct
2014 The Big Bang Theory Jim Parsons
100%
2013 The Big Bang Theory Jim Parsons
100%
2011 The Big Bang Theory Jim Parsons
100%
2010 The Big Bang Theory Jim Parsons
100%
2017 Veep Julia Louis-Dreyfus
100%
2016 Veep Julia Louis-Dreyfus
100%
2015 Veep Julia Louis-Dreyfus
100%
2014 Veep Julia Louis-Dreyfus
100%
2013 Veep Julia Louis-Dreyfus
100%
2012 Veep Julia Louis-Dreyfus
100%
2006 The New Adventures of Old Christine Julia Louis-Dreyfus
100%
2009 30 Rock Alec Baldwin
94%
2008 30 Rock Alec Baldwin
94%
2020 Schitt's Creek Eugene Levy
94%
2002 Friends Jennifer Aniston
94%
2024 The Bear Jeremy Allen White
94%
2023 The Bear Jeremy Allen White
94%
2008 30 Rock Tina Fey
94%
1986 The Golden Girls Betty White
89%
2020 Schitt's Creek Catherine O'Hara
89%
2022 Ted Lasso Jason Sudeikis
89%
2021 Ted Lasso Jason Sudeikis
89%
2025 Hacks Jean Smart
89%
2024 Hacks Jean Smart
89%
2022 Hacks Jean Smart
89%
2021 Hacks Jean Smart
89%
2004 Frasier Kelsey Grammer
89%
1998 Frasier Kelsey Grammer
89%
1995 Frasier Kelsey Grammer
89%
1994 Frasier Kelsey Grammer
89%
2007 Ugly Betty America Ferrera
83%
2019 Barry Bill Hader
83%
2018 Barry Bill Hader
83%
2017 Atlanta Donald Glover
83%
2011 Mike & Molly Melissa McCarthy
83%
2019 Fleabag Phoebe Waller-Bridge
83%
2004 Sex and the City Sarah Jessica Parker
83%
2012 Two and a Half Men Jon Cryer
78%
2007 Extras Ricky Gervais
78%
1993 Roseanne Roseanne Barr
78%
2025 The Studio Seth Rogen
78%
1993 Cheers Ted Danson
78%
1990 Cheers Ted Danson
78%
2006 Monk Tony Shalhoub
78%
2005 Monk Tony Shalhoub
78%
2003 Monk Tony Shalhoub
78%
2003 Will & Grace Debra Messing
72%
2010 Nurse Jackie Edie Falco
72%
2016 Transparent Jeffrey Tambor
72%
2015 Transparent Jeffrey Tambor
72%
2023 Abbott Elementary Quinta Brunson
72%
2018 The Marvelous Mrs. Maisel Rachel Brosnahan
72%
2005 Desperate Housewives Felicity Huffman
67%
1999 3rd Rock from the Sun John Lithgow
67%
1997 3rd Rock from the Sun John Lithgow
67%
1996 3rd Rock from the Sun John Lithgow
67%
2002 Everybody Loves Raymond Ray Romano
67%
2009 United States of Tara Toni Collette
67%
1982 M*A*S*H* Alan Alda
61%
2001 Will & Grace Eric McCormack
61%
1999 Mad about you Helen Hunt
61%
1998 Mad about you Helen Hunt
61%
1997 Mad about you Helen Hunt
61%
1996 Mad about you Helen Hunt
61%
2000 Spin City Michael J. Fox
61%
1988 Family Ties Michael J. Fox
61%
1987 Family Ties Michael J. Fox
61%
1986 Family Ties Michael J. Fox
61%
2001 Everybody Loves Raymond Patricia Heaton
61%
2000 Everybody Loves Raymond Patricia Heaton
61%
1988 The Golden Girls Bea Arthur
56%
1995 Murphy Brown Candice Bergen
50%
1994 Murphy Brown Candice Bergen
50%
1992 Murphy Brown Candice Bergen
50%
1990 Murphy Brown Candice Bergen
50%
1989 Murphy Brown Candice Bergen
50%
1991 Cheers Kirstie Alley
50%
1983 Cheers Shelley Long
50%
1983 Taxi Judd Hirsch
44%
1981 Taxi Judd Hirsch
44%
1984 Three's Company John Ritter
39%
1992 Coach Craig T. Nelson
33%
1985 Katie & Allie Jane Curtin
33%
1984 Kate & Allie Jane Curtin
33%
1991 Evening Shade Burt Reynolds
28%
1987 The Golden Girls Rue McClanahan
28%
1985 Benson Robert Guillaume
22%
1981 The Jeffersons Isabel Sanford
17%
1989 Empty Nest Richard Mulligan
17%
1980 Soap Richard Mulligan
17%
1982 Taxi Carol Kane
11%
1980 Soap Cathryn Damon
6%
No matching quizzes found
Score Distribution
Percent of People with Each Score
Percentile by Number Answered
Your Score History
You have not taken this quiz since the last reset